00436nam a2200133 4500008004100000022001300041245004900054260005400103300001000157650002000167942000700187952009300194999001500287240219b |||||||| |||| 00| 0 eng d a19972997 aEthics in action-Vol. 7, no. 4 (August 2013) aHong Kong :bAsian human rights commission,c2013 b31 p. aIslam -- Ethics cCR 00102ddc4070aMAINbMAINd2024-02-19l0o174 ETHpRAF5060r2024-02-19w2024-02-19yCR c4777d4777